A writing apprenticeship
Contents: Description and narration; Exposition; Argument; Enumeration; Comparision and contrast; Definition...
Salvato in:
| Autore principale: | |
|---|---|
| Natura: | Libro |
| Lingua: | Undetermined |
| Pubblicazione: |
New York
Holt
1977
|
| Soggetti: | |
| Tags: |
Aggiungi Tag
Nessun Tag, puoi essere il primo ad aggiungerne! !
|
| Thư viện lưu trữ: | Trung tâm Học liệu Trường Đại học Cần Thơ |
|---|
| LEADER | 00651nam a2200205Ia 4500 | ||
|---|---|---|---|
| 001 | CTU_186491 | ||
| 008 | 210402s9999 xx 000 0 und d | ||
| 082 | |a 808.0427 | ||
| 082 | |b B862 | ||
| 100 | |a Brittin, Norman A. | ||
| 245 | 2 | |a A writing apprenticeship | |
| 245 | 0 | |c Norman A. Brittin | |
| 260 | |a New York | ||
| 260 | |b Holt | ||
| 260 | |c 1977 | ||
| 520 | |a Contents: Description and narration; Exposition; Argument; Enumeration; Comparision and contrast; Definition... | ||
| 650 | |a English language,Ngôn ngữ Anh | ||
| 650 | |x Rhetoric,Hùng biện | ||
| 904 | |i Giang | ||
| 980 | |a Trung tâm Học liệu Trường Đại học Cần Thơ | ||